[Event "Women's Speed Chess Q1"]
[Site "chess.com INT"]
[Date "2020.06.18"]
[Round "2"]
[White "Franco Valencia, Angela"]
[Black "Tokhirjonova, Gulrukhbegim"]
[Result "1/2-1/2"]
[WhiteTitle "WIM"]
[BlackTitle "WGM"]
[WhiteElo "2089"]
[BlackElo "2378"]
[WhiteFideId "4403070"]
[BlackFideId "14203626"]
[EventDate "2020.06.18"]

1. e4 e5 2. Nf3 Nc6 3. Bc4 Bc5 4. c3 Nf6 5. d3 a6 6. O-O d6 7. Bb3 h6 8. Re1 Ba7
9. Nbd2 O-O 10. Nf1 Re8 11. h3 Be6 12. g4 Nh7 13. Ng3 d5 14. Qe2 d4 15. c4 Bc5
16. Kh2 b5 17. cxb5 axb5 18. Qc2 Qd6 19. Bd2 Bb4 20. Nf5 Bxf5 21. gxf5 Bxd2 22.
Qxd2 Na5 23. Bc2 c5 24. Rg1 Kh8 25. a3 c4 26. Qe2 Nf6 27. Ne1 Rec8 28. Rc1 Rc7
29. Qd2 c3 30. bxc3 dxc3 31. Qe3 Qxa3 32. Qg3 Qf8 33. Qxe5 Rc6 34. Qxb5 Nd7 35.
Nf3 Qc8 36. f6 Rxf6 37. e5 Rxf3 38. Rg2 Qc7 39. d4 Rb8 40. Qe2 Rf4 41. Qd3 Nf8
42. Rcg1 g6 43. Qe3 Rh4 44. Rg4 Rh5 45. R4g3 Rb2 46. Bd1 c2 47. Bxh5 Kh7 48. e6
fxe6 49. Kh1 Rb1 50. Bxg6+ Nxg6 51. Qd3 Rxg1+ 52. Rxg1 Qc6+ 53. Kh2 Qc7+ 54. Kh1
Qc6+ 55. Kh2 Qc7+ 56. Kh1 1/2-1/2

[Event "Women's Speed Chess Q1"]
[Site "chess.com INT"]
[Date "2020.06.18"]
[Round "2"]
[White "Vidruska, Renate"]
[Black "Mrudul, Dehankar"]
[Result "1/2-1/2"]
[WhiteTitle "WFM"]
[BlackTitle "WIM"]
[WhiteElo "2045"]
[BlackElo "2256"]
[WhiteFideId "11601841"]
[BlackFideId "25096990"]
[EventDate "2020.06.18"]

1. e4 c5 2. Nf3 d6 3. d4 cxd4 4. Nxd4 Nf6 5. Nc3 a6 6. g3 e6 7. Bg2 Qc7 8. O-O
Be7 9. Re1 O-O 10. a4 Nc6 11. Nb3 b6 12. f4 Nd7 13. Be3 Bb7 14. h3 Nc5 15. Nxc5
dxc5 16. Qe2 Nd4 17. Qf2 Rfd8 18. Rad1 Rd7 19. e5 Rad8 20. Bxd4 Bxg2 21. Qxg2
cxd4 22. Ne4 Rc8 23. Re2 Bc5 24. Kh2 b5 25. axb5 axb5 26. Red2 Rcd8 27. Qe2 Bb4
28. c3 dxc3 29. bxc3 Rxd2 30. Rxd2 Rxd2 31. Qxd2 Bf8 32. Qd3 Qa5 33. Nd6 b4 34.
cxb4 Qxb4 35. Ne4 Qb2+ 36. Qd2 Qb7 37. Qc2 h6 38. Kg1 Qd5 39. Kh2 Qd4 40. Kg2
Qe3 41. Kh2 Qd4 42. Kg2 Qd5 43. Kh2 Qd4 1/2-1/2

[Event "Women's Speed Chess Q1"]
[Site "chess.com INT"]
[Date "2020.06.18"]
[Round "2"]
[White "Pham, Le Thao Nguyen"]
[Black "Berzina, Ilze"]
[Result "1-0"]
[WhiteTitle "IM"]
[BlackTitle "WGM"]
[WhiteElo "2366"]
[BlackElo "2192"]
[WhiteFideId "12401226"]
[BlackFideId "11601345"]
[EventDate "2020.06.18"]

1. Nf3 d5 2. d4 Nf6 3. Bf4 c5 4. e3 Nc6 5. Nbd2 Bg4 6. c3 e6 7. Qb3 Qb6 8. Qxb6
axb6 9. Bb5 Nd7 10. O-O Be7 11. Rfe1 O-O 12. h3 Bf5 13. a3 h6 14. Rac1 Nf6 15.
Bf1 Ne4 16. Nxe4 dxe4 17. Nd2 Rac8 18. Nc4 cxd4 19. exd4 b5 20. Nb6 Rcd8 21.
Bxb5 Bg5 22. Bxg5 hxg5 23. Nc4 Na7 24. a4 Nxb5 25. axb5 Rd5 26. Na3 Rfd8 27. Re2
Bg6 28. Rce1 f5 29. g4 f4 30. Rxe4 Bxe4 31. Rxe4 Kf7 32. Kg2 Kf6 33. Kf3 Rh8 34.
Kg2 Rhd8 35. Re2 e5 36. dxe5+ Rxe5 37. Rc2 Rd3 38. Rc1 f3+ 39. Kg3 Re2 40. Nc4
Ke6 41. b6 Kd5 42. b3 Kc5 43. Ra1 Rxc3 44. Ra5+ Kb4 45. Rxg5 Rxb3 46. Nd6 1-0

[Event "Women's Speed Chess Q1"]
[Site "chess.com INT"]
[Date "2020.06.18"]
[Round "2"]
[White "Aakanksha, Hagawane"]
[Black "Munoz Monroy, Cinthya Carolina"]
[Result "0-1"]
[WhiteTitle "WIM"]
[BlackTitle "WFM"]
[WhiteElo "2238"]
[BlackElo "2007"]
[WhiteFideId "25014510"]
[BlackFideId "4407482"]
[EventDate "2020.06.18"]

1. e4 d5 2. exd5 Qxd5 3. Nc3 Qa5 4. d4 Nf6 5. Nf3 Nc6 6. h3 Bf5 7. Bc4 O-O-O 8.
O-O e5 9. Bd2 exd4 10. Ne4 Qb6 11. Nxf6 gxf6 12. Bxf7 Bd6 13. Bb3 Ne5 14. Nxe5
fxe5 15. Qh5 Bg6 16. Qg4+ Kb8 17. a4 a5 18. Rfe1 Rhe8 19. Bg5 Bb4 20. Rxe5 Rxe5
21. Bxd8 Bc5 22. Qg3 Re2 23. Bh4 d3 24. Qf3 Be4 25. Qf4 d2 26. Rf1 Qg6 27. Bg3
Bxf2+ 28. Kh2 Bxg3+ 29. Qxg3 Rxg2+ 0-1

[Event "Women's Speed Chess Q1"]
[Site "chess.com INT"]
[Date "2020.06.18"]
[Round "2"]
[White "Ovezdurdiyeva, Jemal"]
[Black "Zavivaeva, Emilia"]
[Result "1-0"]
[WhiteTitle "WFM"]
[BlackTitle "WCM"]
[WhiteElo "2061"]
[BlackElo "1735"]
[WhiteFideId "14001888"]
[BlackFideId "34127531"]
[EventDate "2020.06.18"]

1. d4 d5 2. c4 e6 3. Nc3 Nf6 4. cxd5 exd5 5. Bg5 Be7 6. e3 O-O 7. Bd3 b6 8. Nge2
c5 9. O-O Nc6 10. Rc1 h6 11. Bh4 Bb7 12. Bb1 cxd4 13. exd4 Na5 14. Qd3 Ne4 15.
f3 Bxh4 16. fxe4 dxe4 17. Nxe4 f5 18. N4c3 Bg5 19. Rcd1 Bc8 20. Nf4 Bd7 21. Ng6
Rf6 22. Ne5 Qe7 23. Nd5 Qd6 24. Nxf6+ Bxf6 25. Nxd7 Qxd7 26. Rxf5 Rd8 27. Rf4
Qd6 28. Qh7+ Kf7 29. Qg6+ Ke7 30. Re1+ Kd7 31. Qf7+ Kc8 32. Bf5+ Kb8 33. Rfe4
Qd5 34. Be6 Qd6 35. d5 Nc4 36. Rxc4 1-0

[Event "Women's Speed Chess Q1"]
[Site "chess.com INT"]
[Date "2020.06.18"]
[Round "2"]
[White "Shuvalova, Polina"]
[Black "Robledo, Cristian"]
[Result "1-0"]
[WhiteTitle "WGM"]
[BlackTitle "FM"]
[WhiteElo "2454"]
[BlackElo "2274"]
[WhiteFideId "24171760"]
[BlackFideId "133450"]
[EventDate "2020.06.18"]

1. e4 c5 2. Nf3 e6 3. g3 a6 4. Bg2 b5 5. O-O Bb7 6. Re1 d6 7. c3 Nf6 8. d3 Nbd7
9. a4 Qc7 10. Nbd2 Be7 11. Nf1 O-O 12. h3 Bc6 13. g4 Rfb8 14. g5 Ne8 15. Ne3
bxa4 16. Ng4 Qb7 17. h4 c4 18. Nd4 cxd3 19. Nxc6 Qxc6 20. e5 d5 21. Qxd3 a3 22.
bxa3 Rb3 23. Bd2 Rc8 24. Rab1 Rcb8 25. Rxb3 Rxb3 26. Bf3 Qc4 27. Qxc4 dxc4 28.
Bc6 Bxa3 29. Bxd7 Nc7 30. Ra1 Bb2 31. Ra5 Kf8 32. Ne3 Nb5 33. Nxc4 Bxc3 34. Bxc3
Rxc3 35. Bxb5 axb5 36. Nd6 b4 37. Ra7 Rf3 38. Kg2 Rf4 39. Kg3 1-0

[Event "Women's Speed Chess Q1"]
[Site "chess.com INT"]
[Date "2020.06.18"]
[Round "2"]
[White "Dordzhieva, Dinara"]
[Black "Nikulina, Alena"]
[Result "1-0"]
[WhiteTitle "WIM"]
[BlackTitle "WFM"]
[WhiteElo "2354"]
[BlackElo "1887"]
[WhiteFideId "24157570"]
[BlackFideId "4172051"]
[EventDate "2020.06.18"]

1. Nf3 Nf6 2. c4 c5 3. Nc3 Nc6 4. g3 g6 5. Bg2 Bg7 6. a3 O-O 7. O-O d6 8. d4
cxd4 9. Nxd4 Bd7 10. Bg5 Rc8 11. Rc1 h6 12. Be3 a6 13. h3 Kh7 14. b3 Qa5 15. Nb1
Rfd8 16. Nxc6 Bxc6 17. Qd2 Qxd2 18. Nxd2 Bxg2 19. Kxg2 b5 20. Rfd1 Nd7 21. cxb5
axb5 22. a4 b4 23. Nc4 Bc3 24. a5 Nc5 25. Bxc5 Rxc5 26. e4 Ra8 27. Rd5 e6 28.
Rxc5 dxc5 29. Rd1 Kg7 30. Rd7 Ra6 31. Rb7 Bd4 32. Rb6 Ra7 33. Kf3 Kf6 34. Ke2 h5
35. f4 Kg7 36. e5 Kh6 37. Kf3 g5 38. Ke4 gxf4 39. gxf4 Kg6 40. Rb8 Kg7 41. Rd8
Ra6 42. Rd7 Kg6 43. h4 Ra8 44. Kf3 Ra6 45. Rd6 Ra8 46. a6 Kf5 47. Rc6 Kg6 48.
Nd2 Ra7 49. Ne4 Kf5 50. Nd6+ Kg6 51. Nb5 Ra8 52. a7 1-0

[Event "Women's Speed Chess Q1"]
[Site "chess.com INT"]
[Date "2020.06.18"]
[Round "2"]
[White "Cramling, Pia"]
[Black "Root, Alexey"]
[Result "1-0"]
[WhiteTitle "GM"]
[BlackTitle "WIM"]
[WhiteElo "2464"]
[BlackElo "2025"]
[WhiteFideId "1700030"]
[BlackFideId "2004658"]
[EventDate "2020.06.18"]

1. Nf3 g6 2. c4 Bg7 3. d4 d6 4. Nc3 Nc6 5. d5 Ne5 6. Nxe5 dxe5 7. e4 e6 8. Be2
exd5 9. cxd5 Ne7 10. Be3 b6 11. Bb5+ Bd7 12. Qa4 Bxb5 13. Qxb5+ Qd7 14. Rc1 a6
15. Qxd7+ Kxd7 16. Ke2 f5 17. f3 fxe4 18. fxe4 Rhf8 19. a4 h6 20. Na2 g5 21. h3
Ng6 22. g3 Rf7 23. Rc6 Rf6 24. Rhc1 Rxc6 25. Rxc6 Ne7 26. Rc1 Rf8 27. Nb4 a5 28.
Nd3 Nc8 29. Nf2 Nd6 30. Bd2 Rxf2+ 31. Kxf2 Nxe4+ 32. Ke3 Nxg3 33. Bc3 Nf5+ 34.
Ke4 Nd6+ 35. Ke3 Nf5+ 36. Ke4 Nd6+ 37. Kf3 e4+ 38. Ke3 Bxc3 39. Rxc3 h5 40. Rc2
g4 41. hxg4 hxg4 42. Rg2 c6 43. dxc6+ Kxc6 44. Kd4 b5 45. Rxg4 bxa4 46. Rg6 Kc7
47. Kd5 Nb5 48. Kc5 a3 49. Kxb5 axb2 50. Rg1 a4 51. Kxa4 e3 52. Kb3 1-0

[Event "Women's Speed Chess Q1"]
[Site "chess.com INT"]
[Date "2020.06.18"]
[Round "2"]
[White "Mikheeva, Galina"]
[Black "Belenkaya, Dina"]
[Result "1/2-1/2"]
[WhiteTitle "WFM"]
[BlackTitle "WGM"]
[WhiteElo "1901"]
[BlackElo "2297"]
[WhiteFideId "44108320"]
[BlackFideId "24142654"]
[EventDate "2020.06.18"]

1. e4 d5 2. exd5 Qxd5 3. Nc3 Qa5 4. Bc4 Nf6 5. d3 Bg4 6. f3 Bd7 7. Bd2 Qb6 8.
Rb1 e6 9. Qe2 Bc5 10. Nh3 O-O 11. Nf2 a5 12. Nce4 Nd5 13. Nxc5 Qxc5 14. O-O b5
15. Bxd5 Qxd5 16. Qe4 Nc6 17. Qxd5 exd5 18. Rfe1 a4 19. a3 Bf5 20. Ng4 Bxg4 21.
fxg4 f6 22. Bc3 d4 23. Bd2 Rfe8 24. Rxe8+ Rxe8 25. Re1 Re5 26. Kf2 Kf7 27. Bf4
Rc5 28. Re2 Ne5 29. Bxe5 fxe5 30. Kf3 Ke6 31. Ke4 Rd5 32. Rf2 Rc5 33. h4 h6 34.
g5 hxg5 35. hxg5 b4 36. axb4 Rb5 37. c3 dxc3 38. bxc3 c5 39. bxc5 Rb3 40. Ra2 a3
41. c4 g6 42. Ra1 Rc3 43. g4 Rb3 44. Ke3 Rc3 45. Ke4 Rb3 46. Ke3 Rc3 47. Ke4 1/2-1/2

[Event "Women's Speed Chess Q1"]
[Site "chess.com INT"]
[Date "2020.06.18"]
[Round "2"]
[White "Sim, Jia Ru"]
[Black "Shvedova, Alexandra"]
[Result "0-1"]
[WhiteTitle "WCM"]
[BlackTitle "WFM"]
[WhiteElo "2005"]
[BlackElo "1994"]
[WhiteFideId "5716110"]
[BlackFideId "54154782"]
[EventDate "2020.06.18"]

1. e4 e5 2. Nf3 Nc6 3. Bb5 Nf6 4. O-O Nxe4 5. d4 Nd6 6. Bxc6 dxc6 7. dxe5 Nf5 8.
Qe2 Be7 9. Rd1 Bd7 10. e6 fxe6 11. Ne5 Bd6 12. Nxd7 Qxd7 13. c4 O-O-O 14. Nc3
Qe7 15. Ne4 Be5 16. Bg5 Bf6 17. Bf4 e5 18. Qg4 exf4 19. Qxf5+ Kb8 20. Qxf4 Rhe8
21. f3 Be5 22. Qe3 Qh4 23. h3 Qe7 24. Rab1 g6 25. b4 Qg7 26. Kh1 Bd4 27. Qb3 g5
28. b5 c5 29. Qa3 b6 30. Rd3 h5 31. Rbd1 g4 32. Qc1 gxf3 33. gxf3 Qd7 34. Ng5
Qf5 35. Qd2 Rg8 36. h4 Rdf8 37. Qh2 Be5 38. Qd2 Bf4 39. Qe2 Bxg5 40. hxg5 Rxg5
41. Rd8+ Rxd8 42. Rxd8+ Kb7 43. Rd1 Qh3+ 44. Qh2 Qxf3+ 45. Qg2 Qxg2# 0-1

[Event "Women's Speed Chess Q1"]
[Site "chess.com INT"]
[Date "2020.06.18"]
[Round "2"]
[White "Bartel, Marta"]
[Black "Bogumil, Tatiana"]
[Result "1-0"]
[WhiteTitle "WGM"]
[BlackTitle "WGM"]
[WhiteElo "2192"]
[BlackElo "2182"]
[WhiteFideId "1123009"]
[BlackFideId "4110579"]
[EventDate "2020.06.18"]

1. d4 Nf6 2. Nf3 c5 3. d5 b5 4. Bg5 Ne4 5. Bh4 Qa5+ 6. Nbd2 d6 7. e3 g6 8. a4
Nxd2 9. Bxb5+ Bd7 10. Bxd7+ Nxd7 11. Qxd2 Qxd2+ 12. Nxd2 Bg7 13. c3 Rb8 14. Nc4
Nb6 15. Na5 Nxd5 16. O-O-O Nb6 17. Nc6 Rb7 18. a5 Nc4 19. b4 cxb4 20. cxb4 a6
21. Kc2 Rc7 22. Nxe7 Nxe3+ 23. Kd3 Nxd1 24. Rxd1 Rxe7 25. Bxe7 Kxe7 26. Re1+ Kd7
27. Kc4 Rc8+ 28. Kd5 Rb8 29. Rb1 Rb5+ 30. Kc4 f5 31. g3 Kc6 32. f4 d5+ 33. Kd3
Bf8 34. h3 Rxb4 35. h4 1-0

[Event "Women's Speed Chess Q1"]
[Site "chess.com INT"]
[Date "2020.06.18"]
[Round "2"]
[White "Michelle Catherina, P"]
[Black "Babiy, Olga"]
[Result "1-0"]
[WhiteTitle "WIM"]
[BlackTitle "WGM"]
[WhiteElo "2176"]
[BlackElo "2228"]
[WhiteFideId "5005736"]
[BlackFideId "14117258"]
[EventDate "2020.06.18"]

1. e4 c6 2. d4 d5 3. exd5 cxd5 4. c4 Nf6 5. Nc3 Nc6 6. Bf4 e6 7. Nf3 Bb4 8. Bd3
dxc4 9. Bxc4 O-O 10. O-O Ne7 11. Bg5 Nfd5 12. Bxd5 exd5 13. Qb3 Bxc3 14. Bxe7
Qxe7 15. Qxc3 Bf5 16. Rfe1 Qf6 17. Ne5 Qd6 18. Rac1 Rfc8 19. Qf3 Bg6 20. Qb3 b6
21. h3 f6 22. Nf3 Kh8 23. Rc3 Bf7 24. Rec1 Rc4 25. Re1 h6 26. Rce3 Bh5 27. Re6
Qb4 28. Qe3 Qxb2 29. Rxf6 gxf6 30. Qxh6+ Kg8 31. Qxh5 Qc2 32. Qxd5+ Kg7 33. Qxa8
Rc7 34. Qe8 Qxa2 35. Re7+ Rxe7 36. Qxe7+ Kg6 37. Nh4+ Kg5 38. Qe4 Qa1+ 39. Kh2 1-0

[Event "Women's Speed Chess Q1"]
[Site "chess.com INT"]
[Date "2020.06.18"]
[Round "2"]
[White "Smirnova, Ekaterina"]
[Black "Allahverdiyeva, Ayan"]
[Result "0-1"]
[WhiteTitle "WIM"]
[BlackTitle "WFM"]
[WhiteElo "2278"]
[BlackElo "2088"]
[WhiteFideId "4110943"]
[BlackFideId "13412590"]
[EventDate "2020.06.18"]

1. d4 Nf6 2. c4 g6 3. Nc3 Bg7 4. e4 d6 5. Be2 O-O 6. Nf3 e5 7. O-O Nc6 8. d5 Ne7
9. b4 a5 10. bxa5 Rxa5 11. a4 Ne8 12. Ba3 f5 13. Bb4 Ra8 14. Nd2 c5 15. Ba3 Nf6
16. Rb1 Bh6 17. Bd3 Kh8 18. Bc1 f4 19. Qb3 Ra6 20. Qc2 g5 21. f3 g4 22. fxg4
Nxg4 23. Nf3 Ng6 24. Kh1 Nh4 25. Qe2 Ra8 26. Bd2 Qe7 27. Be1 Nxf3 28. gxf3 Ne3
29. Rg1 Bh3 30. Bf2 Rg8 31. Bxe3 fxe3 32. Rg3 Bd7 33. Rbg1 Bf4 34. Rxg8+ Rxg8
35. Rxg8+ Kxg8 36. Nb5 Qh4 37. Nxd6 Bh3 38. Nf5 Qh5 39. d6 Bf1 40. Qb2 Qxf3+ 41.
Kg1 e2 42. Bxe2 Be3+ 0-1

[Event "Women's Speed Chess Q1"]
[Site "chess.com INT"]
[Date "2020.06.18"]
[Round "2"]
[White "Demchenko, Svitlana"]
[Black "Munkhzul, Turmunkh"]
[Result "1-0"]
[WhiteTitle "WIM"]
[BlackTitle "WIM"]
[WhiteElo "2071"]
[BlackElo "2278"]
[WhiteFideId "14149893"]
[BlackFideId "4901878"]
[EventDate "2020.06.18"]

1. e4 c5 2. Nf3 d6 3. d4 cxd4 4. Nxd4 Nf6 5. Nc3 a6 6. Be3 e5 7. Nb3 Be6 8. f3
Be7 9. Qd2 O-O 10. O-O-O Nbd7 11. g4 b5 12. g5 b4 13. Ne2 Ne8 14. f4 a5 15. f5
a4 16. fxe6 axb3 17. cxb3 fxe6 18. Bh3 Rxa2 19. Bxe6+ Kh8 20. Kb1 Qa5 21. Bc4
Nc7 22. Ng3 d5 23. exd5 Bd6 24. Ne4 Ne8 25. g6 Ndf6 26. Nxf6 Nxf6 27. Qg2 Rc8
28. Rc1 Nxd5 29. Qh3 Ra1+ 30. Kc2 Rxc4+ 31. bxc4 b3+ 32. Kd3 e4+ 33. Ke2 Nf6 34.
Qc8+ Ng8 35. Rxa1 Qh5+ 36. Kd2 Bb4+ 37. Kc1 Qf3 38. Rd1 Qxe3+ 39. Kb1 Qf3 40.
Qd8 e3 41. Ra8 Qf5+ 42. Ka1 Qe6 43. gxh7 1-0

[Event "Women's Speed Chess Q1"]
[Site "chess.com INT"]
[Date "2020.06.18"]
[Round "2"]
[White "Rakhmangulova, Anastasiya"]
[Black "Dzagnidze, Nana"]
[Result "0-1"]
[WhiteTitle "WIM"]
[BlackTitle "GM"]
[WhiteElo "2191"]
[BlackElo "2524"]
[WhiteFideId "14117479"]
[BlackFideId "13601903"]
[EventDate "2020.06.18"]

1. e4 c5 2. Nf3 Nc6 3. d4 cxd4 4. Nxd4 Nf6 5. Nc3 d6 6. Bg5 e6 7. Qd2 h6 8. Bxf6
Qxf6 9. O-O-O Qxd4 10. Qxd4 Nxd4 11. Rxd4 a6 12. Na4 Bd7 13. Nb6 Rd8 14. Nxd7
Rxd7 15. Be2 g5 16. Rhd1 Ke7 17. Rc4 Bg7 18. g3 h5 19. h4 gxh4 20. gxh4 Bh6+ 21.
Kb1 Bf4 22. Rg1 Kf6 23. Rc3 Ke5 24. Bf3 Kf6 25. a4 Be5 26. Rb3 Bd4 27. Rg2 Ke7
28. Rd3 Bf6 29. Rh2 Rc7 30. Rd1 Rc4 31. b3 Rc3 32. Be2 a5 33. Rg1 Be5 34. Rhh1
b6 35. Rg5 Bd4 36. f3 Rc5 37. f4 Be3 38. Rxc5 bxc5 39. Rf1 Rg8 40. Bxh5 Rh8 0-1

[Event "Women's Speed Chess Q1"]
[Site "chess.com INT"]
[Date "2020.06.18"]
[Round "2"]
[White "Morris-Suzuki, Sophie"]
[Black "Starosta, Martyna"]
[Result "1-0"]
[WhiteTitle "WFM"]
[BlackTitle "WCM"]
[WhiteElo "2043"]
[BlackElo "2079"]
[WhiteFideId "30922615"]
[BlackFideId "21818754"]
[EventDate "2020.06.18"]

1. e4 e5 2. Nf3 Nc6 3. Bc4 Nf6 4. d4 exd4 5. e5 d5 6. Bb5 Ne4 7. Nxd4 Bd7 8.
Bxc6 bxc6 9. O-O Bc5 10. f3 Ng5 11. f4 Ne4 12. Be3 Bb6 13. Nd2 Nxd2 14. Qxd2 c5
15. Nf3 d4 16. Bf2 Bc6 17. f5 Bxf3 18. gxf3 Qd5 19. Bh4 c4 20. Qg5 Bc5 21. e6
O-O 22. e7 Rfe8 23. Qg4 d3+ 24. Kh1 dxc2 25. Rac1 Qd4 26. Qxd4 Bxd4 27. Rxc2 f6
28. Rxc4 c5 29. Bf2 Rxe7 30. Bxd4 cxd4 31. Rxd4 Re2 32. Rd7 Rc8 33. Rg1 Rcc2 34.
Rdxg7+ Kf8 35. Rxh7 Rxb2 36. Rc1 Re8 37. Rxa7 Rf2 38. a4 Rxf3 39. Rh7 Kg8 40.
Rcc7 Rxf5 41. Rcg7+ Kf8 42. Kg2 1-0

[Event "Women's Speed Chess Q1"]
[Site "chess.com INT"]
[Date "2020.06.18"]
[Round "2"]
[White "Skuhala, Barbara"]
[Black "Sliwicka, Alicja"]
[Result "1-0"]
[WhiteTitle "WFM"]
[BlackTitle "WIM"]
[WhiteElo "2095"]
[BlackElo "2317"]
[WhiteFideId "14605465"]
[BlackFideId "1150677"]
[EventDate "2020.06.18"]

1. e4 c5 2. Nf3 d6 3. d4 cxd4 4. Nxd4 Nf6 5. f3 g6 6. Nc3 Bg7 7. Be3 a6 8. Qd2
b5 9. O-O-O b4 10. Nce2 a5 11. Kb1 Bd7 12. g4 Na6 13. h4 Nc5 14. h5 O-O 15. hxg6
fxg6 16. Ng3 e6 17. g5 Nh5 18. Nxh5 gxh5 19. Rxh5 Be8 20. Rh1 Bg6 21. Bc4 Re8
22. Nc6 Qc7 23. Qxd6 Qxd6 24. Rxd6 Na4 25. Rxe6 Kf8 26. Rxe8+ Rxe8 27. Bb3 Bxe4
28. fxe4 Rxe4 29. Bxa4 Rxe3 30. Rf1+ Kg8 31. Bb3+ Kh8 32. Nd8 h5 33. g6 Bf6 34.
Nf7+ Kg7 35. Nd6 Kxg6 36. Bf7+ Kg5 37. Rg1+ Kf4 38. Bxh5 Re6 39. Nc4 a4 40. Rf1+
Kg5 41. Bf3 Bd4 42. Rd1 Be5 43. Bd5 Re8 44. Re1 Kf4 45. Rxe5 Rxe5 46. Nxe5 Kxe5
47. Bc6 a3 48. bxa3 bxa3 49. c3 Kd6 50. Be4 Kc5 51. Kc2 Kc4 52. Bd3+ Kc5 53. Kb3
Kb6 54. Kxa3 Ka5 55. Kb3 Kb6 56. a4 Ka5 57. Kc4 Kb6 58. Kd5 Ka5 59. c4 Kb6 60.
Kd6 Ka7 61. c5 Kb7 62. Kd7 Kb8 63. c6 Ka7 64. Bb1 1-0

[Event "Women's Speed Chess Q1"]
[Site "chess.com INT"]
[Date "2020.06.18"]
[Round "2"]
[White "Schulze, Lara"]
[Black "Petrova, Irina"]
[Result "1-0"]
[WhiteTitle "FM"]
[BlackTitle "WIM"]
[WhiteElo "2314"]
[BlackElo "2087"]
[WhiteFideId "12956830"]
[BlackFideId "14124122"]
[EventDate "2020.06.18"]

1. e4 d6 2. d4 Nf6 3. Nc3 e5 4. Nge2 Nc6 5. d5 Ne7 6. Bg5 Ng6 7. Ng3 h6 8. Bxf6
Qxf6 9. Nh5 Qg5 10. h4 Nxh4 11. g3 Ng6 12. Be2 Bd7 13. Nb5 Qd8 14. c4 f5 15.
exf5 Bxf5 16. Bd3 Bxd3 17. Qxd3 Ne7 18. c5 a6 19. cxd6 cxd6 20. Nc3 Qa5 21.
O-O-O O-O-O 22. Kb1 Kb8 23. f4 g6 24. Nf6 Bg7 25. fxe5 dxe5 26. Rhf1 Nf5 27.
Nfe4 Rhf8 28. d6 Nd4 29. Qc4 Rc8 30. Rxf8 Bxf8 31. Qf7 Qd8 32. Qxg6 Rc6 33. Qf5
Bxd6 34. Nxd6 Rxd6 35. Qxe5 Nb5 36. Rxd6 Qxd6 37. Qxd6+ Nxd6 38. Kc2 Kc7 39. Kd3
Nf5 40. g4 Nd6 41. Ne4 Nf7 42. Ke3 Ne5 43. Kf4 Nc4 44. b3 Nb6 45. Kf5 Nd5 46.
Kg6 Ne3 47. Nf6 1-0

[Event "Women's Speed Chess Q1"]
[Site "chess.com INT"]
[Date "2020.06.18"]
[Round "2"]
[White "Sakorenko, Adriana"]
[Black "Socko, Monika"]
[Result "1-0"]
[WhiteTitle "WFM"]
[BlackTitle "GM"]
[WhiteElo "2216"]
[BlackElo "2428"]
[WhiteFideId "34130249"]
[BlackFideId "1106619"]
[EventDate "2020.06.18"]

1. Nf3 d5 2. e3 g6 3. c4 c6 4. Nc3 Bg7 5. Be2 e5 6. d3 Ne7 7. O-O O-O 8. Qc2 h6
9. Rd1 Be6 10. b4 a5 11. b5 Nd7 12. Ba3 Re8 13. Rab1 Qc7 14. bxc6 bxc6 15. Na4
Rac8 16. Nd2 Nf5 17. Nb3 d4 18. e4 Nd6 19. Nbc5 Nxc5 20. Nxc5 Bf8 21. Nxe6 Rxe6
22. Bg4 f5 23. Bxd6 Rxd6 24. exf5 Rcd8 25. fxg6 Rxg6 26. Bf3 Be7 27. Qe2 Rf8 28.
Qe4 Qd6 29. Re1 Rf4 30. Qxe5 Qxe5 31. Rxe5 Bd6 32. Bh5 Rgf6 33. Rxa5 Rxf2 34.
Ra8+ Bf8 35. h3 Rd2 36. Rb3 Rff2 37. Bf3 Kg7 38. Ra7+ 1-0

[Event "Women's Speed Chess Q1"]
[Site "chess.com INT"]
[Date "2020.06.18"]
[Round "2"]
[White "Selkirk, Rebecca"]
[Black "Dubnikova, Anastasia"]
[Result "0-1"]
[WhiteTitle "WCM"]
[BlackTitle "WFM"]
[WhiteElo "1799"]
[BlackElo "2148"]
[WhiteFideId "14306514"]
[BlackFideId "44153759"]
[EventDate "2020.06.18"]

1. e4 Nf6 2. e5 Nd5 3. c4 Nb6 4. d4 d6 5. exd6 exd6 6. Nc3 Nc6 7. d5 Ne5 8. f4
Ng6 9. Bd3 Be7 10. Nf3 Bg4 11. O-O Nh4 12. h3 Bxf3 13. gxf3 Qd7 14. Kh2 Nf5 15.
b4 O-O 16. Rg1 Bf6 17. Qc2 Nd4 18. Qg2 Qd8 19. Bb2 c5 20. dxc6 bxc6 21. Ne4
Nxf3+ 22. Qxf3 Bxb2 23. Qh5 f5 24. Ng5 h6 25. Ne6 Qe8 26. Nxg7 Qxh5 27. Nxh5+
Kh8 28. Rab1 Bd4 29. Rg2 Rg8 30. Rxg8+ Rxg8 31. Bxf5 c5 32. Bg4 Rf8 33. bxc5
dxc5 34. Re1 Nxc4 35. Re7 Nd6 36. Rd7 Nf5 37. Rxa7 Ne3 38. Be6 c4 39. Rd7 Bf6
40. Nxf6 Rxf6 41. Rd8+ Kg7 42. Rg8+ Kh7 0-1

[Event "Women's Speed Chess Q1"]
[Site "chess.com INT"]
[Date "2020.06.18"]
[Round "2"]
[White "Kirchei, Viktoriia"]
[Black "Khomeriki, Nino"]
[Result "0-1"]
[WhiteTitle "WFM"]
[BlackTitle "WGM"]
[WhiteElo "2207"]
[BlackElo "2319"]
[WhiteFideId "34133396"]
[BlackFideId "13603191"]
[EventDate "2020.06.18"]

1. e4 e5 2. Nf3 Nc6 3. Bb5 a6 4. Ba4 Nf6 5. O-O Be7 6. Re1 b5 7. Bb3 d6 8. h3
O-O 9. c3 Bb7 10. d4 Re8 11. Nbd2 Bf8 12. Bc2 h6 13. Nf1 exd4 14. cxd4 Nb4 15.
Ng3 Nxc2 16. Qxc2 d5 17. e5 Ne4 18. Nf5 c5 19. Bf4 Rc8 20. Qe2 Rc6 21. Rad1 Bc8
22. Ne3 Rg6 23. Kh2 Be6 24. dxc5 Bxc5 25. Nd4 Qh4 26. Nxe6 fxe6 27. g3 Qe7 28.
f3 Ng5 29. h4 Nf7 30. Qc2 Nh8 31. h5 Rg5 32. Bxg5 hxg5 33. Ng4 Rf8 34. Kg2 Qf7
35. Rf1 Be7 36. h6 Qf5 37. Qxf5 exf5 38. hxg7 Kxg7 39. Ne3 Bc5 40. Nxd5 Ng6 41.
Nc7 Kf7 42. Rd7+ Kg8 43. Ne6 Nxe5 44. Nxf8 Bxf8 45. Rd5 Nc4 46. Rxf5 Ne3+ 47.
Kf2 Nxf5 48. Rc1 Kf7 49. Rc6 a5 50. Ra6 a4 51. Ra7+ Kf6 52. g4 Bc5+ 53. Ke2 Nd4+
54. Kd3 Bxa7 0-1